LEADER 00851nam a2200217 i 4500 001 000000035725 003 CaOOAMICUS 005 20140527000000.0 008 140527s1990 it u000 u ita u 013 $a4273 040 $aSeMil$bita 100 1 $aDe Rosa, Michele <1940->.$0(OLS)http://semarc/name/4932 245 10$aTeologia protestante :$bmomenti e figure /$cMichele De Rosa. 260 $aSalerno :$bElea Press,$ccopyr. 1990. 300 $a257 p. ;$c24 cm. 650 4$aTeologia protestante - Storia.$0(OLS)http://semarc/subject/6497 850 $aSeMil 852 $aSeMil$W1$xVenegono$y1$m2K III 303$j1880$B1880$CSeMilBibl$Z2$F1880 $81 961 $aOmaggio: Scuola Cattolica 996 $6245$aTeologia protestante :$bmomenti e figure$9(OLS)http://semarc/title/49099 996 $6260$aSalerno :$bElea Press$9(OLS)http://semarc/publisher/32761 LEADER 00848nam a2200205 i 4500 001 000000192297 003 CaOOAMICUS 005 20100914000000.0 008 100914s1918 it u000 u ita u 013 $a170870 040 $aSeMil$bita 100 1 $aBarbieri, Clemente.$0(OLS)http://semarc/name/8618 245 10$aMaria :$bvita di Nostra Signora Maria Santissima /$csac. Clemente Barbieri. 260 $aMilano :$bS. Lega Eucaristica,$c1918. 300 $a467 p., [1] p. di tav. ;$c20 cm. 600 04$aMaria .$0(OLS)http://semarc/subject/5190 850 $aSeMil 852 $aSeMil$W1$xVenegono$y1$m3J I 113$j142873$B142873$CSeMilBibl$Z2$F154285 $81 996 $6245$aMaria :$bvita di Nostra Signora Maria Santissima$9(OLS)http://semarc/title/277123 996 $6260$aMilano :$bS. Lega Eucaristica$9(OLS)http://semarc/publisher/33613